Building Delphi 6 applications / (Record no. 134947)

MARC details
000 -LEADER
fixed length control field 00754nam a22002537a 4500
003 - CONTROL NUMBER IDENTIFIER
control field 0
005 - DATE AND TIME OF LATEST TRANSACTION
control field 20180731160419.0
008 - FIXED-LENGTH DATA ELEMENTS--GENERAL INFORMATION
fixed length control field 0
010 ## - LIBRARY OF CONGRESS CONTROL NUMBER
LC control number B-061481
020 ## - INTERNATIONAL STANDARD BOOK NUMBER
Terms of availability 00.00
International Standard Book Number 0070445095
035 ## - SYSTEM CONTROL NUMBER
System control number B-061481, B-061482
037 ## - SOURCE OF ACQUISITION
Source of stock number/acquisition Cen Lib/Ret
040 ## - CATALOGING SOURCE
Original cataloging agency DPL
Language of cataloging EN
Transcribing agency 0
082 ## - DEWEY DECIMAL CLASSIFICATION NUMBER
Classification number 005.43
Item number KIM
100 ## - MAIN ENTRY--PERSONAL NAME
Personal name Kimmel, Paul
9 (RLIN) 37849
245 ## - TITLE STATEMENT
Title Building Delphi 6 applications /
Statement of responsibility, etc by Paul Kimmel
260 ## - PUBLICATION, DISTRIBUTION, ETC. (IMPRINT)
Name of publisher, distributor, etc Tata McGraw-Hill Publishing Company
Place of publication, distribution, etc New Delhi
Date of publication, distribution, etc 2001
270 ## - ADDRESS
City New Delhi
Address 7 West Patel Nagar
Postal code 110008
300 ## - PHYSICAL DESCRIPTION
Extent xxii,774p. :
Dimensions 24cm(pbk)
Other physical details ill.
500 ## - GENERAL NOTE
General note Includes index
650 ## - SUBJECT ADDED ENTRY--TOPICAL TERM
Topical term or geographic name as entry element Delphi (Computer file)
9 (RLIN) 41211
650 ## - SUBJECT ADDED ENTRY--TOPICAL TERM
Topical term or geographic name as entry element Computer software -- Development
9 (RLIN) 37160
942 ## - ADDED ENTRY ELEMENTS (KOHA)
Source of classification or shelving scheme Dewey Decimal Classification
Koha item type English Books
Classification part 005.43
Call number suffix KIM
Holdings
Withdrawn status Lost status Damaged status Not for loan Home library Current library Date acquired Source of acquisition Cost, normal purchase price Total Checkouts Full call number Barcode Date last seen Copy number Cost, replacement price Price effective from Koha item type Source of classification or shelving scheme Collection code
        Central Library Central Library 31/07/2015 Cen Lib/Ret 0.00   005.43 KIM B-061481 31/07/2015 1 0.00 31/07/2015 English Books    
        Patel Nagar Patel Nagar 31/07/2018 BPPD/PUB 0.00   005.43 KIM B-061482 31/07/2018   0.00 31/07/2018 English Books Dewey Decimal Classification Non-fiction

© Delhi Public Library
Hit Counter
free hit counter